000 00312nam a22001217a 4500
999 _c263288
_d263287
020 _a 9780763637040
100 _aMartin, David,
245 _a Let's have a tree party
250 _a1st ed.
260 _a Somerville, Mass.
_b Candlewick Press,
_c2012.
300 _a1 v. (unpaged) :
_bcol. ill. ;
942 _cBK